<?xml version="1.0" encoding="UTF-8"?>
<record
    xmlns:xsi="http://www.w3.org/2001/XMLSchema-instance"
    xsi:schemaLocation="http://www.loc.gov/MARC21/slim http://www.loc.gov/standards/marcxml/schema/MARC21slim.xsd"
    xmlns="http://www.loc.gov/MARC21/slim">

  <leader>02563nam a2200301 i 4500</leader>
  <controlfield tag="001">991055867229706706</controlfield>
  <controlfield tag="005">20250619152210.0</controlfield>
  <controlfield tag="008">200615e202001uuspca|||  |||| 0|0 0 spa| </controlfield>
  <datafield tag="015" ind1=" " ind2=" ">
    <subfield code="a">LL2020</subfield>
    <subfield code="2">bnc</subfield>
  </datafield>
  <datafield tag="017" ind1=" " ind2=" ">
    <subfield code="a">DL B 26435-2019</subfield>
    <subfield code="b">Biblioteca de Catalunya</subfield>
  </datafield>
  <datafield tag="020" ind1=" " ind2=" ">
    <subfield code="a">9788449336515</subfield>
  </datafield>
  <datafield tag="035" ind1=" " ind2=" ">
    <subfield code="a">(ES-BaCBU).b74259076</subfield>
  </datafield>
  <datafield tag="035" ind1=" " ind2=" ">
    <subfield code="a">(OCoLC)1256470731</subfield>
  </datafield>
  <datafield tag="040" ind1=" " ind2=" ">
    <subfield code="a">ES-BaBC</subfield>
    <subfield code="b">English</subfield>
    <subfield code="e">rda</subfield>
    <subfield code="c">ES-BaBC</subfield>
  </datafield>
  <datafield tag="041" ind1=" " ind2=" ">
    <subfield code="a">Spanish</subfield>
  </datafield>
  <datafield tag="100" ind1=" " ind2=" ">
    <subfield code="a">Pereyra Mar&#xED;, Jordi,</subfield>
    <subfield code="d">1990-</subfield>
    <subfield code="e">author</subfield>
  </datafield>
  <datafield tag="245" ind1="1" ind2="0">
    <subfield code="a">Respuestas sorprendentes a preguntas cotidianas </subfield>
    <subfield code="b">: curiosidades que solo la ciencia puede explicar </subfield>
    <subfield code="c">/ Jordi Pereyra ; pr&#xF3;logo de Javier Santaolalla</subfield>
  </datafield>
  <datafield tag="250" ind1=" " ind2=" ">
    <subfield code="a">First edition</subfield>
  </datafield>
  <datafield tag="264" ind1=" " ind2="1">
    <subfield code="a">Barcelona :</subfield>
    <subfield code="b">Paid&#xF3;s,</subfield>
    <subfield code="c">2020</subfield>
  </datafield>
  <datafield tag="300" ind1=" " ind2=" ">
    <subfield code="a">374 pages:</subfield>
    <subfield code="b">illustrations ;</subfield>
    <subfield code="c">24 cm</subfield>
  </datafield>
  <datafield tag="490" ind1="1" ind2=" ">
    <subfield code="a">Paid&#xF3;s contextos</subfield>
  </datafield>
  <datafield tag="520" ind1=" " ind2=" ">
    <subfield code="a">Los humanos tenemos la extra&#xF1;a man&#xED;a de hacernos preguntas. Muchas. Todos los d&#xED;as. Pero a veces, por m&#xE1;s que lo intentemos y aunque no nos guste admitirlo, no solo no encontramos las respuestas, sino que ni tan siquiera sabemos d&#xF3;nde ir a buscarlas. &#xBF;O es que nunca os hab&#xE9;is preguntado por qu&#xE9; saltan chispas cuando metemos un metal en el microondas?

Sin embargo, la verdadera pregunta es esta: &#xBF;d&#xF3;nde est&#xE1;n las respuestas? Pues en la ciencia, &#xBF;d&#xF3;nde si no? El problema es que la ciencia a veces se convierte en algo oscuro e ininteligible, y por mucho que googleemos nuestras dudas, no hay quien entienda los resultados. Tranquilos, tenemos la soluci&#xF3;n. Jordi Pereyra, autor del blog y canal de YouTube &#xAB;Ciencia de Sof&#xE1;&#xBB;, nos resolver&#xE1; todas las dudas en Respuestas sorprendentes a preguntas cotidianas.</subfield>
  </datafield>
  <datafield tag="520" ind1=" " ind2=" ">
    <subfield code="a">Humans have a peculiar habit: we ask questions. Lots of them. Every single day. But sometimes, no matter how hard we try &#x2014; and even if we don&#x2019;t like to admit it &#x2014; we not only fail to find the answers, but we haven&#x2019;t the faintest idea where to start looking. Haven&#x2019;t you ever wondered why sparks fly when you put metal in the microwave?

But the real question is this: where are the answers? In science, of course &#x2014; where else? The trouble is, science can sometimes seem obscure and incomprehensible, and no matter how much we Google our doubts, we&#x2019;re left none the wiser. Not to worry &#x2014; we&#x2019;ve got the solution. Jordi Pereyra, creator of the blog and YouTube channel Ciencia de Sof&#xE1;, is here to clear things up in Surprising Answers to Everyday Questions.</subfield>
  </datafield>
  <datafield tag="650" ind1=" " ind2="0">
    <subfield code="a">Science</subfield>
    <subfield code="9">12924</subfield>
  </datafield>
  <datafield tag="653" ind1=" " ind2=" ">
    <subfield code="a">Curiosities and enigmas</subfield>
  </datafield>
  <datafield tag="830" ind1=" " ind2="0">
    <subfield code="a">Paid&#xF3;s contextos</subfield>
  </datafield>
  <datafield tag="942" ind1=" " ind2=" ">
    <subfield code="2">lcc</subfield>
  </datafield>
  <datafield tag="952" ind1=" " ind2=" ">
    <subfield code="0">0</subfield>
    <subfield code="1">0</subfield>
    <subfield code="2">lcc</subfield>
    <subfield code="4">0</subfield>
    <subfield code="7">0</subfield>
    <subfield code="a">TBS</subfield>
    <subfield code="b">TBS</subfield>
    <subfield code="d">2025-06-19</subfield>
    <subfield code="l">0</subfield>
    <subfield code="o">Q173 PER</subfield>
    <subfield code="p">B06010</subfield>
    <subfield code="r">2025-06-19</subfield>
    <subfield code="t">1</subfield>
    <subfield code="w">2025-06-19</subfield>
    <subfield code="y">1</subfield>
  </datafield>
  <datafield tag="999" ind1=" " ind2=" ">
    <subfield code="c">4784</subfield>
    <subfield code="d">4784</subfield>
  </datafield>
</record>
